MDQL
is popping MORE tags! Check the
thread
!
Quizzes
Events
Quiz Creation
Community
Videos
Private Events
Remove Ads
Sign In
Join for FREE
Feedback
Dark Mode
Quiz Categories
Sports
Geography
Music
Movies
Television
Just For Fun
Miscellaneous
History
Literature
Language
Science
Gaming
Entertainment
Religion
Holiday
For Kids
Quiz Lab
Recent
Popular Today
Quiz Kudos Today
Editor Picks
Curator Picks
Quizzes by...
Day
Popularity
Type
Ratings
Length
Year
Community
Subscriptions
Recent Discussions
Orange Saloon
Badges
Playlists
Quests
Create
Leaderboards
Showdown
Live 5
Trivia Bingo
Activity
Puzzle Library
Sporcle Events
Private Events
Virtual Trivia
Globe League
Become a Host
Pub Owners
SporcleCon
Opinionation
Our Games
Videos
Blog
Mobile Apps
Partnerships
Remove Ads and Go Orange
Feedback
Sports
Athletes
MLB
NBA
NHL
NFL
Soccer
Sports Teams
WWE
NCAA
Football
Premier League
Basketball
Baseball
Hockey
Golf
Tennis
Cricket
Rugby
Auto Racing
Olympics
World Cup
Sports
Athletes
MLB
NBA
NHL
NFL
Soccer
Sports Teams
WWE
NCAA
Football
Premier League
Basketball
Baseball
Hockey
Golf
Tennis
Cricket
Rugby
Auto Racing
Olympics
World Cup
Random Quiz
Search Sporcle
×
Quiz Lab
Quiz Lab
Sports
Race Horses
Type in answers that appear in a list
Type in answers that appear in a list
Classic
Best Score? Go Orange.
Sébastien Guarato / Ses victoires au niveau groupe I Stats
Can you name the Sébastien Guarato / Ses victoires au niveau groupe I?
By
ADDLLD
20m
62 Questions
117 Plays
117 Plays
117 Plays
Comments
Comments
Give Quiz Kudos
Give Quiz Kudos
-
- Ratings
hide this ad
More Info
Replay
Link that replays current quiz
Next Quiz
Link to next quiz in quiz playlist
You Got
0%
They Got
Avg Score
79%
Avg Friend Score
Upgrade to see
Score Distribution
Jump to the score distribution portion of the page
Score
0/62
Timer
20:00
0
Plays Today
Course
Answer
% Correct
Breeders Crown Finale (Canada)
Bold Eagle
99.1%
Championnat Européen des 5 Ans 2016
Bold Eagle
99.1%
Critérium Continental 2015
Bold Eagle
99.1%
Critérium de Vitesse de la Cote-
d'Azur 2018
Bold Eagle
99.1%
Critérium des 3 Ans 2014
Bold Eagle
99.1%
Critérium des 5 Ans 2016
Bold Eagle
99.1%
Grand Prix de l'U.E.T 2015 (Pays-
Bas)
Bold Eagle
99.1%
Grand Prix de Wallonie 2017 (Belgique)
Bold Eagle
99.1%
Grand Prix de Wallonie 2019 (Belgique)
Bold Eagle
99.1%
Prix d'Amérique 2016
Bold Eagle
99.1%
Prix d'Amérique 2017
Bold Eagle
99.1%
Prix de France 2016
Bold Eagle
99.1%
Prix de France 2017
Bold Eagle
99.1%
Prix de l'Atlantique 2017
Bold Eagle
99.1%
Prix de l'Atlantique 2018
Bold Eagle
99.1%
Prix de Paris 2017
Bold Eagle
99.1%
Prix de Sélection 2015
Bold Eagle
99.1%
Prix René Ballière 2016
Bold Eagle
99.1%
Prix René Ballière 2017
Bold Eagle
99.1%
Prix René Ballière 2018
Bold Eagle
99.1%
Prix René Ballière 2019
Bold Eagle
99.1%
Championnat Européen des 3 Ans 2018
Face Time Bourbon
98.3%
Critérium Continental 2019
Face Time Bourbon
98.3%
Critérium des 3 Ans 2018
Face Time Bourbon
98.3%
Grand Prix de l'U.E.T 2019 (Finlande)
Face Time Bourbon
98.3%
Prix d'Amérique 2020
Face Time Bourbon
98.3%
Prix de Sélection 2019
Face Time Bourbon
98.3%
Prix de Sélection 2020
Face Time Bourbon
98.3%
Critérium Continental 2018
Eridan
88.9%
Critérium des Jeunes 2014
Billie de Montfort
86.3%
Prix de Cornulier 2014
Roxane Griff
86.3%
Course
Answer
% Correct
Prix de Cornulier 2015
Roxane Griff
86.3%
Prix de l'Ile-
de-
France 2014
Roxane Griff
86.3%
Prix de Paris 2012
Roxane Griff
86.3%
Aby Stora Pris 2011 (Suède)
Rapide Lebel
77.8%
Grand Prix de Wallonie 2011 (Belgique)
Rapide Lebel
77.8%
Kymi Grand Prix 2011 (Finlande)
Rapide Lebel
77.8%
Prix Saint-
Michel 2011 (Finlande)
Rapide Lebel
77.8%
Prix des Elites 2019
Fleche Bourbon
70.9%
Prix du Président de la République 2019
Fleche Bourbon
70.9%
Critérium des 3 Ans 2019
Gunilla d'Atout
70.1%
Critérium des 3 Ans 2013
Aladin d'Ecajeul
69.2%
Critérium des Jeunes 2019
Green Grass
69.2%
Prix de Sélection 2014
Aladin d'Ecajeul
69.2%
Critérium des 5 Ans 2017
Carat Williams
66.7%
Prix de l'Etoile 2017
Ecu Pierji
65.8%
Prix d'Essai 2014
Booster Winner
59.8%
Prix des Centaures 2015
Booster Winner
59.8%
Prix des Elites 2014
Booster Winner
59.8%
Critérium des Jeunes 2017
Ecu Pierji
58.1%
Grand Prix de Wallonie 2008 (Belgique)
Olga du Biwetz
55.6%
Prix de l'Etoile 2016
Bolero Love
55.6%
Prix de Normandie 2007
Olga du Biwetz
55.6%
Prix de Sélection 2016
Bolero Love
55.6%
Critérium des 5 Ans 2014
Vabellino
50.4%
Prix d'Essai 2012
Vanishing Point
47.9%
Prix des Élites 2012
Vanishing Point
47.9%
Saint-
Léger des Trotteurs 2012
Vanishing Point
47.9%
Prix de Normandie 2015
Astor du Quenne
44.4%
Critérium des 4 Ans 2017
Darling de Reux
39.3%
Saint-
Léger des Trotteurs 2015
Che Jenilou
33.3%
Prix d'Essai 2010
Talina Madrik
31.6%
Quiz Playlist
Details
Report
Send in Message
Add To Playlist
More Info:
Données arrêtées au 1er avril 2020
Classic:
Type in answers that appear in a list
Last Updated: Apr 17, 2020
Quiz Scoreboard
CHALLENGE
Sign Up to Join the Scoreboard
Show All
Scores
Hide
Comments
May contain spoilers
Recently Published
Find the 'City' Movie
by crazypaving
Movies
60s
5x2 Blitz: Bands
by SL_Kpop136
Music
30s
Colored Red Africa Blitz
by spor1
Geography
30s
More to Explore
Quiz From the Vault
Featured Blog Post
14 Easter Pick-up Lines to Find Eggs With
hide this ad
You Might Also Like...
Tags
horse
Horse Racing
racehorse
Race Horses
Today's Top Quizzes in Sports
Browse Sports
hide this ad
Top Contributed Quizzes in Sports
1
Players with Multiple 50 Home Run Seasons
2
Who Needs Fielders?
3
Criteria MLB: Left Handed Sluggers
4
MLB Players with Two .350 Batting Average Seasons
5
Who Hit More Homers?
6
2020 F1 Drivers Logic Puzzle
7
NBA Teammate Connections
8
Premier League Clubs since 2000 (minefield)
9
MLB Teams by First Game
10
Top 10 NHL Goal Scorers of All Time
Explore More
Trending Topics
Harry Potter
Crossword
Marvel
Anime
NBA
Kpop
Disney
Soccer
NFL
Country
WWE
Puzzle
Song
Pokémon
The Office
hide this ad
More By:
ADDLLD
Quiz
Plays
Rating
Category
Featured
Created
LES DOUBLÉS / Px du Pdt de la Rep - Px de Normandie
396
Sports
Jun 16, 2022
Les 50 Trotteurs Français les plus riches
308
Sports
Apr 1, 2020
Qui était au départ... du Prix d'Amérique 2020 ?
165
Sports
Apr 10, 2020
Quiz spécial Jag de Bellouet
133
Sports
Apr 1, 2020
Quiz spécial Timoko
127
Sports
May 4, 2020
Go to Creator's Profile
Score Distribution
Quiz Creator Spotlight
ADDLLD
Follow
Send a Message
Quizzes Created
-
Created Quiz Play Count
-
More By This Creator
Popular Quizzes Today
1
5x2 Blitz: Bands
2
Find the 'City' Movie
3
Colored Red Africa Blitz
4
Find the US States - No Outlines Minefield
5
The Countries of the World
6
Find the US States
7
9x9 Crossword: Cartoon Network
8
US States
More Sports Quizzes
World Series MVP Catchers
Editor's Pick
Trending Quizzes
Colored Red Africa Blitz II
Colored Red Europe Blitz I
Christmas Pick: Judaism
Colored Red Africa Blitz III
Colored Red Europe Blitz II
Recently Updated
Champions League XIs: Real Madrid
pecheneg
Largest US Cities 1790-2010
pecheneg
Rides in Walt Disney World
pecheneg
Most Oscar Losses (Acting)
pecheneg
Beyoncé Albums
pecheneg
Leaping Animals
pecheneg
Reality TV Shows (A-Z)
bhenderson79
Rickey Henderson's Hall of Fame Teammates
pecheneg
Champions League XIs: Arsenal
pecheneg
Quick Pick: Celebrities in WWE's Hall of Fame
aduchscher
Trending Topics
Kpop
Crossword
Disney
Marvel
NBA
Anime
Harry Potter
Pokémon
NFL
Country
The Office
Song
WWE
Soccer
Puzzle
Your Account Isn't Verified!
In order to create a playlist on Sporcle, you need to verify the email address you used during registration. Go to your
Sporcle Settings
to finish the process.
Report this User
Report this user for behavior that violates our
Community Guidelines
.
Details:
Send Report
Go to the Sporcle.com Mobile Site →
Comments